| 000 | 00504nam a2200169Ia 4500 | ||
|---|---|---|---|
| 999 |
_c35915 _d35915 |
||
| 003 | OSt | ||
| 005 | 20201217111854.0 | ||
| 008 | 190216s9999||||xx |||||||||||||| ||und|| | ||
| 040 | _coclc | ||
| 082 |
_a297.03 _bHUG/D |
||
| 100 |
_aHughes, Thomas Patrick _92179 |
||
| 245 | 0 |
_aDictionary Of Islam / _cThomas Patrick Hughes |
|
| 260 |
_bCosmo Publications, _c1986. _aNew Delhi: |
||
| 300 | _a750p | ||
| 650 | _aDictionary Of Islam | ||
| 942 |
_cREF _2ddc _h297.03 _iHUG/D _k297.03 _mHUG/D |
||